U.S. Cities by Arabic-Speaking Population - Statistics

General Stats
  • This quiz has been taken 35 times
  • The average score is 14 of 20
Answer Stats
State Arabic-Speaking Population City % Correct
NY 80,347 New York City
100%
IL 13,622 Chicago
97%
MI 12,173 Detroit
94%
TX 14,909 Houston
94%
CA 16,057 Los Angeles
94%
PA 12,378 Philadelphia
90%
TN 12,534 Nashville
87%
AZ 7,093 Phoenix
84%
CA 7,682 San Diego
84%
OH 8,420 Columbus
81%
NJ 11,034 Jersey City
77%
FL 6,229 Jacksonville
74%
TX 6,182 San Antonio
74%
MI 46,196 Dearborn
71%
TX 6,691 Fort Worth
68%
MI 19,370 Dearborn Heights
35%
CA 7,450 Irvine
35%
MI 11,293 Sterling Heights
35%
MI 9,763 Hamtramck
32%
CA 10,854 El Cajon
13%
No matching quizzes found
Score Distribution
Percent of People with Each Score
Percentile by Number Answered
Your Score History
You have not taken this quiz